| 000 | 01075cam a22003258a 4500 | ||
|---|---|---|---|
| 001 | 4345634 | ||
| 003 | OSt | ||
| 005 | 20150408114047.0 | ||
| 008 | 120624s2010 stk | 001 0 eng | ||
| 020 | _a0443069789 | ||
| 040 | _cMU | ||
| 082 | 0 | 4 |
_a616.8 L K N _221 |
| 100 | 1 |
_aLindsay, Kenneth W. _916282 |
|
| 245 | 1 | 0 |
_aNeurology and neurosurgery illustrated / _cKenneth W. Lindsay, Ian Bone ; illustrated by Robin Callander ; foreword by J. van Gijn. |
| 250 | _a5th ed. | ||
| 260 |
_aEdinburgh : _bChurchill Livingstone, _c2010. |
||
| 300 |
_a598 p. : _bill. ; _c25 cm. |
||
| 500 | _aPrevious ed.: 1997. | ||
| 504 | _aIncludes bibliographical references and index. | ||
| 650 | 4 |
_aNervous system _xDiseases. |
|
| 650 | 4 | _aNeurology. | |
| 650 | 4 |
_aNervous system _xSurgery. _916278 |
|
| 650 | 4 |
_aNervous System Diseases _xdiagnosis. _913809 |
|
| 650 | 4 |
_aNervous System Diseases _xtherapy. _916279 |
|
| 650 | 4 |
_aNeurosurgical Procedures. _916280 |
|
| 700 | 1 |
_aBone, Ian, _cFRCP. _916281 |
|
| 700 | 1 |
_aCallander, Robin. _915917 |
|
| 942 |
_2ddc _cDVD |
||
| 999 |
_c24265 _d258765 |
||